00526nam a2200217Ia 450000500170000000800460001702000180006303700100008104000080009104000080009904000080010704100080011504100080012308400080013110000160013924500460015526000310020126000090023265000220024185600450026320260306153817.0008 260114s9999 xx 000 0 eng d a9781139022200 aEBOOK aCRL beng cCRL 2eng aeng qCRL aMcLeod/Shah 0aNews Frames and National Security 1st ed bCambridge University Press c2014 aPolitical Science uhttps://doi.org/10.1017/CBO9781139022200